EURO DATES - Statistics

General Stats
  • This quiz has been taken 47 times
    8 since last reset
  • The average score is 10 of 52
Answer Stats
Hint Hint % Correct
End of Hundred Years War 1453
100%
Protestant Reformation 1517
100%
Black Death 1348-1351
50%
Great Schism 1417
50%
Printing Press 1455
50%
Columbus 1492
50%
Spanish Inquistion 1492
50%
Storming of the Bastille 1789
50%
Napoleon Emperor 1804
50%
Congress of Vienna 1814
50%
Battle of Waterloo/Napoleon in Exile 1815
50%
Assassination of Franz Ferdinand 1914
50%
Battle of Verdun 1915
50%
Bolsheviks seize power in Russia 1917
50%
Treaty of Versailles 1919
50%
Stock Market Crash 1929
50%
Invasion of Poland 1939
50%
WWII Ends 1945
50%
Cortes 1519
0%
Diet of worms 1521
0%
Pizzaro 1531
0%
Council of Trent 1545
0%
Peace of Augsburg 1555
0%
St. Bartholomew's Day Massacre 1558
0%
Elizabeth I 1572
0%
Spanish Armada 1588
0%
Edict of Nantes 1598
0%
Charles I 1625
0%
Trial of Galileo 1633
0%
English Revolution 1642
0%
Louis XIV 1643-1715
0%
Charles I Executed 1649
0%
Newton published his Principia 1687
0%
John Locke Two treaties of Gov 1690
0%
Fredrick the Great becomes King of Prussia 1740
0%
Seven Years War 1756-1763
0%
Louis XVI becomes King of France 1774
0%
James Watt Steam Engine 1774
0%
Adam Smith writes Wealth of Nations 1776
0%
Estates General Called 1788
0%
Execution of Louis and Marie 1793
0%
Napoleon becomes First Consul 1799
0%
Britain ends Slave Trade 1807
0%
Peterloo Massacre 1819
0%
Factory Act 1833
0%
Repeal of Corn Laws 1846
0%
Revolutions of 1848 1848
0%
Establishment of Second Empire by Napoleon III 1852
0%
Darwin’s On the Origin of Species 1859
0%
Victor Emmanuel II becomes King of Italy 1861
0%
Berlin Conference 1884
0%
Kristallnacht 1938
0%
No matching quizzes found
Score Distribution
Percent of People with Each Score
Percentile by Number Answered
Your Score History
You have not taken this quiz since the last reset